Verilog HDL : (Record no. 185948)
[ view plain ]
| 000 -LEADER | |
|---|---|
| fixed length control field | 00718 a2200205 4500 |
| 003 - CONTROL NUMBER IDENTIFIER | |
| control field | Nust |
| 005 - DATE AND TIME OF LATEST TRANSACTION | |
| control field | 20221227122830.0 |
| 010 ## - LIBRARY OF CONGRESS CONTROL NUMBER | |
| LC control number | 2003269714 |
| 020 ## - INTERNATIONAL STANDARD BOOK NUMBER | |
| International Standard Book Number | 0130449113 |
| 040 ## - CATALOGING SOURCE | |
| Transcribing agency | Nust |
| 082 00 - DEWEY DECIMAL CLASSIFICATION NUMBER | |
| Classification number | 621.392,PAL |
| 100 1# - MAIN ENTRY--PERSONAL NAME | |
| Personal name | Palnitkar, Samir. |
| 9 (RLIN) | 24133 |
| 245 10 - TITLE STATEMENT | |
| Title | Verilog HDL : |
| Remainder of title | a guide to digital design and synthesis / |
| Statement of responsibility, etc. | Samir Palnitkar |
| 250 ## - EDITION STATEMENT | |
| Edition statement | 2nd ed. |
| 260 ## - PUBLICATION, DISTRIBUTION, ETC. | |
| Place of publication, distribution, etc. | Upper Saddle River, NJ : |
| Name of publisher, distributor, etc. | SunSoft Press, |
| Date of publication, distribution, etc. | c2003. |
| 300 ## - PHYSICAL DESCRIPTION | |
| Extent | xlii, 450 p. : |
| Other physical details | ill. ; |
| Dimensions | 25 cm. + |
| Accompanying material | 1 CD-ROM (4 3/4 in.) |
| 505 ## - FORMATTED CONTENTS NOTE | |
| Formatted contents note | Part.1: Basic Verilog Topics 1 (Page-1), Part.2 Advanced VerilogTopics (Page-213), Part.3 Appendices (Page-361). |
| 650 #0 - SUBJECT ADDED ENTRY--TOPICAL TERM | |
| Topical term or geographic name entry element | Verilog (Computer hardware description language) |
| 942 ## - ADDED ENTRY ELEMENTS (KOHA) | |
| Source of classification or shelving scheme | |
| Koha item type | Book |
| Withdrawn status | Lost status | Source of classification or shelving scheme | Damaged status | Not for loan | Permanent Location | Current Location | Shelving location | Date acquired | Total Checkouts | Full call number | Barcode | Checked out | Date last seen | Date last checked out | Price effective from | Koha item type | Public note |
|---|---|---|---|---|---|---|---|---|---|---|---|---|---|---|---|---|---|
| Military College of Signals (MCS) | Military College of Signals (MCS) | General Stacks | 12/12/2016 | 1 | 621.392,PAL | MCS31266 | 05/07/2026 | 04/07/2026 | 04/07/2026 | 12/12/2016 | Book | Almirah No.40, Shelf No.2 | |||||
| Military College of Signals (MCS) | Military College of Signals (MCS) | General Stacks | 12/27/2022 | 1 | 621.392,PAL | MCS31117 | 05/17/2025 | 04/17/2025 | 04/17/2025 | 12/27/2022 | Book | Almirah No.40, Shelf No.2 |
